Trouvez l'erreur dans ces paroles de chansons - Statistiques

Statistiques générales
  • Ce quiz a été pris 5 871 fois
  • Le résultat moyen est 19 sur 30
Statistiques - réponses
Réponse % Correct
Trente
98%
Vingt
98%
Vu
96%
Tant
94%
Sonne
92%
Raison
89%
Saison
89%
Lire
88%
Dire
87%
Donne
85%
Emmènent
81%
Dépit
80%
Entraînent
79%
Répit
78%
Casino
77%
Éthiopie
74%
Italie
57%
Aquaman
56%
Clifford
56%
Johnny
47%
Pénitencier
47%
Denver
39%
Spiderman
37%
Rêver
35%
Vraiment
22%
Jimmy
18%
La
18%
Ma
17%
Trop
13%
Parler
10%
Aucun quiz correspondant
Distribution des résultats
% des personnes avec chaque résultat
Percentile par nombre de réponses
Votre historique - résultats
Vous n’avez pas pris ce quiz